NBA - Un joueur par équipe - Statistiques

Statistiques générales
  • Ce quiz a été pris 1 457 fois
  • Le résultat moyen est 25 sur 30
Statistiques - réponses
Hint Réponse % Correct
Anthony Edwards Minnesota Timberwolves
91%
Shai Gilgeous-Alexander Oklahoma City Thunder
91%
LaMelo Ball Charlotte Hornets
90%
Ja Morant Memphis Grizzlies
90%
Devin Booker Phoenix Suns
90%
Jaylen Brown Boston Celtics
89%
Donovan Mitchell Cleveland Cavaliers
89%
Zion Williamson New Orleans Pelicans
89%
Tyrese Haliburton Indiana Pacers
88%
Austin Reaves Los Angeles Lakers
88%
Bam Adebayo Miami Heat
86%
Jamal Murray Denver Nuggets
85%
Jalen Brunson New York Knicks
84%
Zaccharie Risacher Atlanta Hawks
83%
Nikola Vucevic Chicago Bulls
83%
Cade Cunningham Détroit Pistons
83%
Paolo Banchero Orlando Magic
83%
Tyrese Maxey Philadelphia 76ers
83%
Domantas Sabonis Sacramento Kings
82%
James Harden Los Angeles Clippers
81%
Lauri Markkanen Utah Jazz
78%
Jimmy Butler Golden State Warriors
77%
Alperen Sengun Houston Rockets
76%
Damian Lillard Milwaukee Bucks
76%
Alexandre Sarr Washington Wizards
76%
Cameron Thomas Brooklyn Nets
75%
Chris Paul San Antonio Spurs
74%
Scottie Barnes Toronto Raptors
71%
Daniel Gafford Dallas Mavericks
62%
DeAndre Ayton Portland Trail Blazers
60%
Aucun quiz correspondant
Distribution des résultats
% des personnes avec chaque résultat
Percentile par nombre de réponses
Votre historique - résultats
Vous n’avez pas pris ce quiz